| 000 | 01084nam a2200301Ia 4500 | ||
|---|---|---|---|
| 001 | Para_8097 | ||
| 003 | CHAP | ||
| 008 | 220125s2002 xx 000 0 und d | ||
| 010 | _a207002 | ||
| 040 | _cCHAP | ||
| 090 | _aPA TESIS 1651 | ||
| 100 |
_aCruz Hipólito, Hugo Enrique _929442 |
||
| 245 |
_aEfecto de métodos de control de malezas sobre el banco de semillas de Zacate Johnson ( Sorghum halepense (L.) Pers.) en limón persa (Citrus latifolia Tan.) / _c por Hugo Enrique Cruz Hipólito |
||
| 260 |
_aChapingo, Méx. : _b el autor |
||
| 300 | _a44 h. | ||
| 502 | _aTesis (Ing. Agr. Esp. en Parasitología Agrícola) -- UACh. Departamento Parasitología Agrícola | ||
| 650 |
_aMalas hierbas _x control _970011 |
||
| 650 |
_aMalas hierbas _x investigación _970021 |
||
| 650 |
_aZacate johnson _9123396 |
||
| 710 |
_aUACh. Departamento Parasitología Agrícola _9164025 |
||
| 901 | _aPA TESIS 1651 | ||
| 902 | _aA | ||
| 905 | _a0000002002 n 0000000000 00 | ||
| 910 | _a2002 | ||
| 942 | _cPARA | ||
| 942 |
_cPARA _d1 |
||
| 999 |
_c207002 _d207002 |
||